书目信息 |
| 题名: |
奥林匹克运动与建筑
|
|
| 作者: | 王会寨 , 雷厉 编著 | |
| 分册: | ||
| 出版信息: | 北京 大众文艺出版社 2006 |
|
| 页数: | 143页 | |
| 开本: | 19cm | |
| 丛书名: | 奥林匹克百科丛书 | |
| 单 册: | ||
| 中图分类: | G811.21 , TU245.4 | |
| 科图分类: | ||
| 主题词: | 奥运会--体育建筑--基本知识 , 奥运会 , 体育建筑 | |
| 电子资源: | ||
| ISBN: | 7-80094-875-7 | |
| 000 | 00979oam2 2200313 45 | |
| 001 | 012006092501 | |
| 005 | 20070707102932.21 | |
| 010 | @a7-80094-875-7@dCNY158.00(共8册) | |
| 092 | @aCN@b505333 | |
| 100 | @a20060925d2006 em y0chiy0120 ea | |
| 101 | 0 | @achi |
| 102 | @aCN@b110000 | |
| 105 | @ay z 000yy | |
| 200 | 1 | @a奥林匹克运动与建筑@Aao lin pi ke yun dong yu jian zhu@f王会寨,雷厉编著@Fwang hui zhai, lei li bian zhu |
| 205 | @a2版 | |
| 210 | @a北京@c大众文艺出版社@d2006 | |
| 215 | @a143页@d19cm | |
| 225 | 2 | @a奥林匹克百科丛书@h二 |
| 330 | @a本书主要内容:生命的张扬、远古的洪荒、民族与现代、整体和和谐、环境和绿色、世纪的乐章等。 | |
| 461 | 0 | @12001 @a奥林匹克百科丛书 |
| 606 | 0 | @a奥运会@x体育建筑@x基本知识 |
| 606 | 0 | @a奥运会 |
| 606 | 0 | @a体育建筑 |
| 690 | @aG811.21@v4 | |
| 690 | @aTU245.4@v4 | |
| 701 | 0 | @a王会寨@Awang hui zhai@4编著 |
| 701 | 0 | @a雷厉@Alei li@4编著 |
| 801 | 0 | @aCN@bLZJBOOK@c20070707 |
| 905 | @a10447@dG811.21@e38=2 | |
| 奥林匹克运动与建筑/王会寨,雷厉编著.-2版.-北京:大众文艺出版社,2006 |
| 143页;19cm.-(奥林匹克百科丛书.二) |
| ISBN 7-80094-875-7:CNY158.00(共8册) |
| 本书主要内容:生命的张扬、远古的洪荒、民族与现代、整体和和谐、环境和绿色、世纪的乐章等。 |
| ● |
| 相关链接 |
|
|
|
|
正题名:奥林匹克运动与建筑
索取号:G811.21/38=2
 
预约/预借
| 序号 | 登录号 | 条形码 | 馆藏地/架位号 | 状态 | 备注 |
| 1 | 0565342 | 205653425 | 第一样本阅览室/ [索取号:G811.21/38=2] | 在馆 | |
| 2 | 0565343 | 205653434 | 密集书库/ [索取号:G811.21/38=2] | 在馆 | |
| 3 | 0565344 | 205653443 | 第四借阅区/ [索取号:G811.21/38=2] | 在馆 | |
| 4 | 0565345 | 205653452 | 第四借阅区/ [索取号:G811.21/38=2] | 在馆 | |
| 5 | 0565346 | 205653461 | 密集书库/ [索取号:G811.21/38=2] | 在馆 |